Social Intelligent

Сохранить в:
Библиографические подробности
Главный автор: Goleman
Формат:
Опубликовано: Bantam Books
Метки: Добавить метку
Нет меток, Требуется 1-ая метка записи!

MARC

LEADER 00000nam a2200000Ia 4500
005 20260513122051.0
020 |a 9780553384499 
100 |a Goleman 
365
365 |b 20.00 
942 |c BK 
245 |a Social Intelligent 
260 |b Bantam Books 
999 |c 44  |d 44 
952 |0 0  |1 0  |4 0  |7 0  |a UNSW  |b UNSW  |d 2026-04-29  |g 20.00  |i 16671  |l 0  |p 000005  |r 2026-05-13 12:20:51  |v 20.00  |w 2026-05-13  |y BK